مكتبة جامعة عجلون الوطنية

فهرس بحث المكتبة

GREAT DESIGNS : the world,s best design explored & explained (Record no. 33725)

MARC details
000 -LEADER
fixed length control field 00414nam a22001577a 4500
003 - CONTROL NUMBER IDENTIFIER
control field JO-AjAnu
005 - DATE AND TIME OF LATEST TRANSACTION
control field 20241020113150.0
008 - FIXED-LENGTH DATA ELEMENTS--GENERAL INFORMATION
fixed length control field 241016b jo ||||| |||| 00| 0 ara d
040 ## - CATALOGING SOURCE
Transcribing agency JO-AjAnu
041 ## - LANGUAGE CODE
Language code of text/sound track or separate title ENG
245 ## - TITLE STATEMENT
Title GREAT DESIGNS : the world,s best design explored & explained
260 ## - PUBLICATION, DISTRIBUTION, ETC.
Place of publication, distribution, etc. london:
Name of publisher, distributor, etc. philip wilkinson,
Date of publication, distribution, etc. 2019
300 ## - PHYSICAL DESCRIPTION
Extent 256page
650 70 - SUBJECT ADDED ENTRY--TOPICAL TERM
Topical term or geographic name entry element designs
9 (RLIN) 66243
942 ## - ADDED ENTRY ELEMENTS (KOHA)
Source of classification or shelving scheme Library of Congress Classification
Koha item type Books
Suppress in OPAC No
Holdings
Withdrawn status Lost status Source of classification or shelving scheme Damaged status Not for loan Home library Current library Date acquired Total Checkouts Full call number Barcode Date last seen Price effective from Koha item type
    Library of Congress Classification     مكتبة جامعة عجلون الوطنية مكتبة جامعة عجلون الوطنية 16/10/2024   NC1000 2019 E3930 16/10/2024 16/10/2024 Books